000 00705nam a2200229 a 4500
001 3648
003 BD-RjUL
005 20211208233750.0
008 160627s1951 enk 001 0 eng d
035 _a(BD-RjUL)3682
040 _aPLF
_cPLF
_dEQO
_dBD-RjUL
_beng
041 _aeng
082 _a631.617
_bCAM 1951
_223
100 1 _aCalder, Ritchie,
_d1906-1982
_911572
245 1 0 _aMen against the desert /
_cRitchie Calder
260 _aLondon :
_bAllen,
_cc1951
300 _a186 p. ;
_c22 cm.
504 _aIncludes index.
650 _aReclamation of land.
_911573
_xAfrica, North
856 _uhttp://www.worldcat.org/title/men-against-the-desert/oclc/6229470&referer=brief_results
942 _2ddc
_cBK
999 _c3648
_d3648